00510nam a2200193 a 4500001001000000003000900010005001700019008004100036040002500077082001400102110000300116245010800119260005500227300002200282650000300304650000300307650000300310651000300313000021406DO-SdBNP20220608092611.0100907s2019 dr ad r 000 0 spa d aDO-SdBNPbspacBNPHU axxxbP942 10aPresupuesto participativo municipal :bextracto de la ley 176-07 del Distrito Nacional y los municipios aSanto Domingo :bParticipación Ciudadana,c2019. a17 p. ;c22.5 cm. 4 4 4 4